Just give me some space (Record no. 11824)
[ view plain ]
| 000 -LEADER | |
|---|---|
| fixed length control field | 00308 a2200121 4500 |
| 008 - FIXED-LENGTH DATA ELEMENTS--GENERAL INFORMATION | |
| fixed length control field | 230812b ||||| |||| 00| 0 eng d |
| 020 ## - INTERNATIONAL STANDARD BOOK NUMBER | |
| International Standard Book Number | 978-9353613129 |
| 082 ## - DEWEY DECIMAL CLASSIFICATION NUMBER | |
| Classification number | 720 |
| Item number | KHO |
| 100 ## - MAIN ENTRY--PERSONAL NAME | |
| Personal name | Suha Riyaz Khopatkar |
| 245 ## - TITLE STATEMENT | |
| Title | Just give me some space |
| 260 ## - PUBLICATION, DISTRIBUTION, ETC. (IMPRINT) | |
| Name of publisher, distributor, etc | The People Place Project |
| Date of publication, distribution, etc | 2019 |
| 942 ## - ADDED ENTRY ELEMENTS (KOHA) | |
| Source of classification or shelving scheme | |
| Withdrawn status | Lost status | Source of classification or shelving scheme | Damaged status | Koha normalized classification for sorting | Not for loan | Permanent location | Current location | Date acquired | Source of acquisition | Cost, normal purchase price | Total Checkouts | Total Renewals | Full call number | Barcode | Date last seen | Date last borrowed | Cost, replacement price | Price effective from | Koha item type |
|---|---|---|---|---|---|---|---|---|---|---|---|---|---|---|---|---|---|---|---|
| 720_000000000000000_KHO | BMS College of Architecture, Design and Planning | BMS College of Architecture, Design and Planning | 2023-08-10 | 8 | 419.40 | 2 | 1 | 720 KHO | AR-UG3223 | 2024-02-19 | 2024-02-02 | 699.00 | 2023-08-10 | UG Books |